|
|
|
|
| LEADER |
00000cam a2200000 7i4500 |
| 001 |
0000095339 |
| 005 |
20250812114341.0 |
| 020 |
|
|
|a 9789672751526 (
|q set)
|
| 020 |
|
|
|a 9789672751571 (
|q paperback)
|
| 040 |
|
|
|e rda
|
| 041 |
|
|
|a Malay
|
| 090 |
0 |
0 |
|a AD
|b MAL
|
| 100 |
0 |
|
|a Maria Iskandar ,
|e (author)
|
| 245 |
0 |
0 |
|a Niat tersembunyi
|c Maria Iskandar
|
| 264 |
|
1 |
|a Subang Jaya, Selangor :
|b Bright Publications Sdn.Bhd.
|c 2025
|
| 300 |
|
|
|a 115 pages :
|b illustrations ;
|c 21 cm.
|
| 336 |
|
|
|a text
|2 rdacontent
|
| 337 |
|
|
|a unmediated
|2 rdamedia
|
| 338 |
|
|
|a volume
|2 rdacarrier
|
| 490 |
1 |
|
|a Siri jenayah dan hukuman
|
| 500 |
|
|
|a Children ages 10-12 years old (pink)
|
| 541 |
|
|
|c Purchased on 2025
|f 064/25 IMS
|h RM23.50
|
| 650 |
1 |
0 |
|a Children's stories,Malay
|
| 650 |
2 |
0 |
|a Didactic fiction, Malay
|
| 650 |
2 |
0 |
|a Young adult fiction, Malay
|
| 999 |
|
|
|a 0001816606
|b Book
|c Children Collection
|e Desa - PPAJ
|
| 999 |
|
|
|a 0001816607
|b Book
|c Children Collection
|e Desa - PPAJ
|
| 999 |
|
|
|a 0001816608
|b Book
|c Children Collection
|e Desa - PPAJ
|
| 999 |
|
|
|a 0001816609
|b Book
|c Children Collection
|e Desa - PPAJ
|
| 999 |
|
|
|a 0001816610
|b Book
|c Children Collection
|e Desa - PPAJ
|
| 999 |
|
|
|a 0001816611
|b Book
|c Children Collection
|e Desa - PPAJ
|
| 999 |
|
|
|a 0001816612
|b Book
|c Children Collection
|e Desa - PPAJ
|
| 999 |
|
|
|a 0001816613
|b Book
|c Children Collection
|e Desa - PPAJ
|
| 999 |
|
|
|a 0001816614
|b Book
|c Children Collection
|e Desa - PPAJ
|
| 999 |
|
|
|a 0001816615
|b Book
|c Children Collection
|e Desa - PPAJ
|
| 999 |
|
|
|a 0001816616
|b Book
|c Children Collection
|e Desa - PPAJ
|
| 999 |
|
|
|a 0001816617
|b Book
|c Children Collection
|e Desa - PPAJ
|
| 999 |
|
|
|a 0001816618
|b Book
|c Children Collection
|e Desa - PPAJ
|
| 999 |
|
|
|a 0001816619
|b Book
|c Children Collection
|e Desa - PPAJ
|
| 999 |
|
|
|a 0001816620
|b Book
|c Children Collection
|e Desa - PPAJ
|
| 999 |
|
|
|a 0001816621
|b Book
|c Children Collection
|e Desa - PPAJ
|
| 999 |
|
|
|a 0001816622
|b Book
|c Children Collection
|e Desa - PPAJ
|
| 999 |
|
|
|a 0001816623
|b Book
|c Children Collection
|e Desa - PPAJ
|
| 999 |
|
|
|a 0001816624
|b Book
|c Children Collection
|e Desa - PPAJ
|
| 999 |
|
|
|a 0001816625
|b Book
|c Children Collection
|e Desa - PPAJ
|
| 999 |
|
|
|a 0001816626
|b Book
|c Children Collection
|e Desa - PPAJ
|
| 999 |
|
|
|a 0001816627
|b Book
|c Children Collection
|e Desa - PPAJ
|
| 999 |
|
|
|a 0001816628
|b Book
|c Children Collection
|e Desa - PPAJ
|
| 999 |
|
|
|a 0001816629
|b Book
|c Children Collection
|e Desa - PPAJ
|
| 999 |
|
|
|a 0001816630
|b Book
|c Children Collection
|e Desa - PPAJ
|
| 999 |
|
|
|a 0001816631
|b Book
|c Children Collection
|e Desa - PPAJ
|
| 999 |
|
|
|a 0001816632
|b Book
|c Children Collection
|e Desa - PPAJ
|
| 999 |
|
|
|a 0001816633
|b Book
|c Children Collection
|e Desa - PPAJ
|
| 999 |
|
|
|a 0001816634
|b Book
|c Children Collection
|e Desa - PPAJ
|
| 999 |
|
|
|a 0001816635
|b Book
|c Children Collection
|e Desa - PPAJ
|
| 999 |
|
|
|a 0001816636
|b Book
|c Children Collection
|e Desa - PPAJ
|
| 999 |
|
|
|a 0001816637
|b Book
|c Children Collection
|e Desa - PPAJ
|
| 999 |
|
|
|a 0001816638
|b Book
|c Children Collection
|e Desa - PPAJ
|
| 999 |
|
|
|a 0001816639
|b Book
|c Children Collection
|e Desa - PPAJ
|
| 999 |
|
|
|a 0001816640
|b Book
|c Children Collection
|e Desa - PPAJ
|
| 999 |
|
|
|a 0001816641
|b Book
|c Children Collection
|e Desa - PPAJ
|
| 999 |
|
|
|a 0001816642
|b Book
|c Children Collection
|e Desa - PPAJ
|
| 999 |
|
|
|a 0001816643
|b Book
|c Children Collection
|e Desa - PPAJ
|
| 999 |
|
|
|a 0001816644
|b Book
|c Children Collection
|e Desa - PPAJ
|
| 999 |
|
|
|a 0001816645
|b Book
|c Children Collection
|e Desa - PPAJ
|
| 999 |
|
|
|a 0001816646
|b Book
|c Children Collection
|e Desa - PPAJ
|
| 999 |
|
|
|a 0001816910
|b Book
|c Children Collection
|e Perbadanan Perpustakaan Awam Johor
|
| 999 |
|
|
|a 0001816911
|b Book
|c Children Collection
|e Perbadanan Perpustakaan Awam Johor
|
| 999 |
|
|
|a 0001816912
|b Book
|c Children Collection
|e Perbadanan Perpustakaan Awam Johor
|
| 999 |
|
|
|a 0001816913
|b Book
|c Children Collection
|e Perbadanan Perpustakaan Awam Johor
|
| 999 |
|
|
|a 0001816914
|b Book
|c Children Collection
|e Perbadanan Perpustakaan Awam Johor
|
| 999 |
|
|
|a 0001816915
|b Book
|c Children Collection
|e Perbadanan Perpustakaan Awam Johor
|
| 999 |
|
|
|a 0001816916
|b Book
|c Children Collection
|e Perbadanan Perpustakaan Awam Johor
|
| 999 |
|
|
|a 0001816917
|b Book
|c Children Collection
|e Perbadanan Perpustakaan Awam Johor
|
| 999 |
|
|
|a 0001816918
|b Book
|c Children Collection
|e Perbadanan Perpustakaan Awam Johor
|
| 999 |
|
|
|a 0001816919
|b Book
|c Children Collection
|e Perbadanan Perpustakaan Awam Johor
|
| 999 |
|
|
|a 0001816920
|b Book
|c Children Collection
|e Perbadanan Perpustakaan Awam Johor
|
| 999 |
|
|
|a 0001816921
|b Book
|c Children Collection
|e Perbadanan Perpustakaan Awam Johor
|
| 999 |
|
|
|a 0001816922
|b Book
|c Children Collection
|e Perbadanan Perpustakaan Awam Johor
|
| 999 |
|
|
|a 0001816923
|b Book
|c Children Collection
|e Perbadanan Perpustakaan Awam Johor
|
| 999 |
|
|
|a 0001816924
|b Book
|c Children Collection
|e Perbadanan Perpustakaan Awam Johor
|
| 999 |
|
|
|a 0001816925
|b Book
|c Children Collection
|e Perbadanan Perpustakaan Awam Johor
|
| 999 |
|
|
|a 0001816926
|b Book
|c Children Collection
|e Perbadanan Perpustakaan Awam Johor
|